000 00894nam a22002417a 4500
008 081120t xxu||||| |||| 00| 0 eng d
010 _aENG-91686
020 _a9788184550665
_c700.00
035 _aEN-75219
037 _bDBAD / PUB
040 _adpl
_bEnglish
082 _a954.01
245 _aHistory of ancient India /
_cedited by Braham Singh [and] H.C. Sharma
260 _aNew Delhi
_bOmega Publications
_c2008
270 _a4398/5, Ansari Road, Daryaganj,
_bNew Delhi
_e110002
300 _av, 276p.
_c22cm (Hb)
500 _aIncludes index
651 _aIndia
_xHistory
_yTo 1200 A.D.
700 _aBraham Singh
700 _aSharma, H.C.
942 _2ddc
_cEN
_mHIS
_h954.01
999 _c18815
_d18815